1205 1801 1373 1654 1741 1571 1728 1306 1567 1526 1892 1815 1310 1088 1981 1285 1757 1788 1739 1469 1903 1383 1374 1707 1102 1592 1815 1417 1619 1624 1635 1785 1995 1521 1013 1213 1030 1547 1286 1344 1487 1384 1342 1426 1305 1560 1959 1332 1916 1686 1844 1847 1495 1277 1647 1171 1558 1435 1355 1861 1912 1602 1765 1823 1787 1610 1408 1504 1850 1685 1403 1631 1410 1861 1928 1427 1141 1710 1962 1587 1041 1379 1653 1352 1665 2000 1893 1029 1697 1068 1612 1464 1524 1660 1708 1235 1443 1198 1498 BCNSPRNW ULIB Ver.6.0+V

เปลี่ยนเป็นภาษาไทย

Change to English
 แสดงรายละเอียดบรรณานุกรม
  กลับหน้าหลัก

Brief Record : Get Marc (ISO 2709) : E-mail record : QR code < ปิดหน้าต่าง
LEADER : 00000nam 2200000uu 4500
001    13399124713
003     ULIB
008    160121s2543||||th 000 0 tha d
020    9742938903
099    วจ.WY18^bส
100 0  สุพัชรี โสใหญ่ และ ประนอม รอดวินิจ
245 00 รูปแบบการสอนภาคปฏิบัติโดยระบบพยาบาลพี่เลี้ยง(Nurse Preceptor) วิชาการบริหารการพยาบาล ของวิทยาลัยพยาบาลบรมราชชนนี สุรินทร์/cสุพัชรี โสใหญ่ และ ประนอม รอดวินิจ
260    สุรินทร์^cวิทยาลัยพยาบาลบรมราชนนี สุรินทร์,^c2543
300    108 หน้า
650  0 ระบบพยาบาลพี่เลี้ยง
650  0 การบริหารการพยาบาล
650  0 ์Nurse Precepter
710 1  วิทยาลัยพยาบาลบรมราชนนี สุรินทร์
945    ^p0^l0^i000262
999    ^aเกษร โพธิ์สุวรรณ
รายการนี้ยังไม่มีแท็ก
คุณยังไม่ได้ล็อกอิน คุณสามารถมีกิจกรรมร่วมกับเว็บไซต์ได้ แต่ต้องล็อกอินก่อน ::
  ล็อกอิน

รายการสื่อสารสนเทศ

ลำดับที่ ประเภท เลขเรียก/บาร์โค้ด สถานที่ สถานะ
1. วิทยานิพนธ์
วิทยานิพนธ์
วจ.WY18 ส ฉ.1 
  Barcode: 000262
ห้องสมุดวิทยาเขตสวรรค์ประชารักษ์
► วิทยานิพนธ์
บนชั้น

รายการใกล้เคียง
    หัวเรื่อง [การบริหารการพยาบาล]

BibComment


ยังไม่เคยถูกคอมเมนท์

คอมเมนท์ทรัพยากรรายการนี้
  คอมเมนท์: รูปแบบการสอนภาคปฏ..


 Copyright 2026. Bcnsprnw @Library